Drug abuse - prevention, education, and treatment: hearing before the Committee on Labor and Human Resources, United States Senate, 100. Congress, 2. session on ... June 16, 1988
| Corporate Author: | |
|---|---|
| Format: | Print Book |
| Language: | English |
| Published: |
Washington
U.S. Gov.Print.Office
1988
|
| In: |
Senate hearing (100-803)
Year: 1988 |
| Availability in Tübingen: | Present in Tübingen. UB: KB 18 A 5464 |
| Check availability: | HBZ Gateway |
| Subito Delivery Service: | Order now. |
MARC
| LEADER | 00000cam a2200000 c 4500 | ||
|---|---|---|---|
| 001 | 1088374387 | ||
| 003 | DE-627 | ||
| 005 | 20230426125047.0 | ||
| 007 | tu | ||
| 008 | 890810s1988 xx ||||| 00| ||eng c | ||
| 035 | |a (DE-627)1088374387 | ||
| 035 | |a (DE-576)018374387 | ||
| 035 | |a (DE-599)BSZ018374387 | ||
| 035 | |a (OCoLC)311255153 | ||
| 040 | |a DE-627 |b ger |c DE-627 |e rakwb | ||
| 041 | |a eng | ||
| 245 | 0 | 0 | |a Drug abuse - prevention, education, and treatment |b hearing before the Committee on Labor and Human Resources, United States Senate, 100. Congress, 2. session on ... June 16, 1988 |
| 264 | 1 | |a Washington |b U.S. Gov.Print.Office |c 1988 | |
| 300 | |a III, 278 S. | ||
| 336 | |a Text |b txt |2 rdacontent | ||
| 337 | |a ohne Hilfsmittel zu benutzen |b n |2 rdamedia | ||
| 338 | |a Band |b nc |2 rdacarrier | ||
| 490 | 1 | |a S. hrg. |v 100-803 | |
| 583 | 1 | |a Archivierung prüfen |c 20200919 |f DE-640 |z 2 |2 pdager | |
| 710 | 2 | |a USA |b Congress |b Senate |b Committee on Labor and Human Resources |0 (DE-588)1081800-5 |0 (DE-627)100446965 |0 (DE-576)191500127 |4 oth | |
| 810 | 2 | |a USA |b Congress |b Senate |t Senate hearing |v 100-803 |9 100-803 |w (DE-627)1083362127 |w (DE-576)013362127 |7 am | |
| 951 | |a BO | ||
| ELC | |b 1 | ||
| LOK | |0 000 xxxxxcx a22 zn 4500 | ||
| LOK | |0 001 2133356029 | ||
| LOK | |0 003 DE-627 | ||
| LOK | |0 004 1088374387 | ||
| LOK | |0 005 20151022132027 | ||
| LOK | |0 008 890810||||||||||||||||ger||||||| | ||
| LOK | |0 040 |a DE-21 |c DE-627 |d DE-21 | ||
| LOK | |0 852 |a DE-21 | ||
| LOK | |0 852 1 |c KB 18 A 5464 |9 00 | ||
| LOK | |0 935 |a krim | ||
| LOK | |0 939 |a 10-08-89 |b l01 | ||
| ORI | |a SA-MARC-krimdoka001.raw | ||
| SIG | |a UB: KB 18 A 5464 | ||
